Statistics for Languages of U.S. State Mottoes

Click here to take the quiz!

General Stats

  • This quiz has been taken 58 times
  • The average score is 6 of 8

Answer Stats

Number of State MottoesLanguage% Correct
25English
100%
25Latin
100%
1Spanish
100%
1French
96%
1Hawaiian
62%
1Greek
60%
1Italian
58%
1Chinook
2%

Score Distribution

Percentile by Number Answered

Percent of People with Each Score

Your Score History

You have not taken this quiz